| 000 | 01020nac a22002651u 4500 | ||
|---|---|---|---|
| 010 | _a 93011618 | ||
| 020 | _a0824791150 (acid-free paper) | ||
| 082 | 0 | 0 |
_a620.1404292 _bJ251 |
| 090 |
_c3849 _d3849 |
||
| 100 | _a20080729 | ||
| 245 | 0 | 0 |
_aFriction and wear of ceramics / _cedited by Said Jahanmir. |
| 260 |
_aNew York : _bM. Dekker,1994 _cc1994. |
||
| 300 |
_ax, 429 p. : _bill. ; _c24 cm. |
||
| 490 | 1 | _aMaterials engineering | |
| 504 | _aIncludes bibliographical references and index. | ||
| 650 | 0 |
_aCeramic materials _xMechanical properties. |
|
| 650 | 0 | _aMechanical wear. | |
| 650 | 0 | _aFriction. | |
| 650 | 0 | _aTribology. | |
| 700 | 1 | _aJahanmir, Said. | |
| 830 | 0 | _aMaterials engineering (Marcel Dekker, Inc.) | |
| 856 | 4 | 2 |
_3Publisher description _uhttp://www.loc.gov/catdir/enhancements/fy0647/93011618-d.html |
| 942 |
_cBB _k620.1404292 J251 |
||
| 999 |
_c3849 _d3849 |
||